GLOBALSTRATEGY (Record no. 217072)
[ view plain ]
| 000 -LEADER | |
|---|---|
| fixed length control field | 00499nam a22001817a 4500 |
| 008 - FIXED-LENGTH DATA ELEMENTS--GENERAL INFORMATION | |
| fixed length control field | 260429b |||||||| |||| 00| 0 eng d |
| 020 ## - INTERNATIONAL STANDARD BOOK NUMBER | |
| International Standard Book Number | 978-0-357-03918-2 |
| 050 ## - LIBRARY OF CONGRESS CALL NUMBER | |
| Classification number | HD 30.28.P46 2017 |
| 100 ## - MAIN ENTRY--PERSONAL NAME | |
| Personal name | PHD PENG MIKE W, |
| 245 ## - TITLE STATEMENT | |
| Title | GLOBALSTRATEGY |
| 250 ## - EDITION STATEMENT | |
| Edition statement | 4th |
| 260 ## - PUBLICATION, DISTRIBUTION, ETC. | |
| Place of publication, distribution, etc. | AUSTRALIA |
| Name of publisher, distributor, etc. | CENGAGE LEARNING PUBLISHERS |
| Date of publication, distribution, etc. | 2017 |
| 300 ## - PHYSICAL DESCRIPTION | |
| Extent | X,368 |
| 500 ## - GENERAL NOTE | |
| General note | INCLUDES GLOSSARY AND AN INDEX |
| 650 ## - SUBJECT ADDED ENTRY | |
| Topical term or geographic name entry element | Strategic planning -business planning |
| 942 ## - ADDED ENTRY ELEMENTS (KOHA) | |
| Source of classification or shelving scheme | Library of Congress Classification |
| Koha item type | Long Loan Book |
| Withdrawn status | Lost status | Source of classification or shelving scheme | Damaged status | Not for loan | Collection | Home library | Current library | Shelving location | Date acquired | Inventory number | Total checkouts | Full call number | Barcode | Date last seen | Copy number | Price effective from | Koha item type |
|---|---|---|---|---|---|---|---|---|---|---|---|---|---|---|---|---|---|
| Library of Congress Classification | Business & Economics | Kisii University Library | Kisii University Library | On Display | 04/29/2026 | 113247 | HD 30.28.P46 2017 | A001325 | 04/29/2026 | C.3 | 04/29/2026 | Long Loan Book | |||||
| Library of Congress Classification | Business & Economics | Kisii University Library | Kisii University Library | On Display | 04/29/2026 | 113246 | HD 30.28.P46 2017 | A001326 | 04/29/2026 | C.2 | 04/29/2026 | Long Loan Book | |||||
| Library of Congress Classification | Business & Economics | Kisii University Library | Kisii University Library | On Display | 04/29/2026 | 113245 | HD 30.28.P46 2017 | A001327 | 04/29/2026 | C.1 | 04/29/2026 | Long Loan Book |